Movies Quiz

Random Movies or Star Wars Quiz

Star Wars Series Quiz Stats

 Plays Quiz not verified by Sporcle

Score 0/6 Timer 04:00
0 Plays Today
Episode Title % Correct
IVA New Hope
98.1%
IIIRevenge of the Sith
96.1%
VThe Empire Strikes Back
96.1%
VIReturn of the Jedi
96.1%
IThe Phantom Menace
95.1%
IIAttack of the Clones
95.1%

You're not logged in!

Compare scores with friends on all Sporcle quizzes.
OR
Log In

Show Comments

Extras

Created Dec 2, 2010ReportNominate
Tags:Star Wars Quiz, date, series

Top Quizzes Today


Score Distribution

Your Account Isn't Verified!

In order to create a playlist on Sporcle, you need to verify the email address you used during registration. Go to your Sporcle Settings to finish the process.

Report this User

Report this user for behavior that violates our Community Guidelines.

Details: